| 000 | 00397nam a2200133 a 4500 | ||
|---|---|---|---|
| 001 | 000016812 | ||
| 005 | 20200929164951.0 | ||
| 008 | 100310s1938 dr r 000 0 spa d | ||
| 040 |
_aDO-SdBNP _bspa _cBNPHU |
||
| 082 |
_axxxx _bR337i |
||
| 245 | 0 | 0 | _aReglamento interior de la Guardia Universitaria "Presidente Trujillo". |
| 260 |
_aCiudad Trujillo : _bLa Nación, _c1938. |
||
| 300 |
_a63 p. ; _c20 cm. |
||
| 999 |
_c16344 _d16344 |
||